000 00431nam a22001697a 4500
005 20180811114430.0
008 160614b xxu||||| |||| 00| 0 eng d
020 _a81-242-0169-2
041 _aeng
082 _b7360
_a658.3
100 _aArmstrong, Michael
_94770
245 _aTHE ART OF H R D:Managing People (VOL-4)
260 _bKogen Pege India (p) ltd
_c2001
300 _a311p,
650 _aManagement
_9241
942 _cBK
999 _c2615
_d2614